| 000 | 00643nam a2200205Ia 4500 | ||
|---|---|---|---|
| 005 | 20250811175638.0 | ||
| 008 | 210422s19771985mx ao gr 001 0 spa d | ||
| 020 | _a968-837-424-5 | ||
| 040 |
_aBPGM _bspa |
||
| 041 |
_aspa _hspa |
||
| 082 |
_a709.72 / A38 _21985 , |
||
| 100 | _aAGUILERA, CARMEN | ||
| 245 | 0 |
_aEL ARTE TENOCHCA : _bSU SIGNIFICACIÓN SOCIAL |
|
| 250 |
_aSEGUNDA EDICIÓN , _b1985. |
||
| 260 |
_aMÉXICO : _bUNAM , _c1985. |
||
| 300 |
_a166 páginas ; _b22.5 cm x 15.8 cm |
||
| 650 | _aLAS ARTES BELLAS ARTES Y ARTES DECORATIVAS | ||
| 650 | _aTRATAMIENTO HISTÓRICO, GEOGRÁFICO Y DE PERSONAS | ||
| 942 |
_cGENERAL _2ddc |
||
| 999 |
_c39974 _d39974 |
||